000 00607cam a2200181 4500
001 BUCI014203
008 s1957 mx a spa
035 _aBUCI014203
245 1 0 _aManifiestos políticos : 1892-1912 /
_cprol., ordenamiento y notas de Manuel González Ramírez.
250 _a1a ed.
260 _aMéxico :
_bFondo de Cultura Económica,
_c1957
300 _alxi, 685 p. ;
_c22 cm.
440 0 _aFuentes para la historia de la Revolucion Mexicana ;
_vno.4
504 _aIncluye índice
700 1 _aGonzález Ramírez, Manuel,prol.
942 _2lcc
_cLIB
999 _c65537
_d65537